000 00714nam a22002654a 4500
001 UByD003381
003 AR-LpoUNG
005 20241126143617.0
008 241126s2012 ag ||||| |||| 00| 0 spa d
020 _a9789870407577
040 _aAR-LpoUNG
_bspa
_cAR-LpoUNG
_eaacr
041 0 _aspa
082 0 _a808.068 3 318loc
100 1 _aLaragione, Lucía
245 1 3 _aEl loco de Praga
250 _a1ra. ed.
260 _a[Buenos Aires] :
_bAlfaguara,
_c[2012].
300 _a171 p. :
_bil.
505 _aSugerido a partir de 12 años (etiqueta FUCSIA).
650 4 _aLITERATURA
650 4 _aNARRATIVA
653 0 _aLITERATURA INFANTOJUVENIL
700 1 _aFalcone, Fernando
_eil.
942 _2ddc
_cLIB
999 _c66057
_d66057